Cartas, comunicaciones y circulares... / (Record no. 27284)

MARC details
000 -LEADER
campo de control de longitud fija 01413nam a2200241 i 4500
001 - NÚMERO DE CONTROL
campo de control 27284
003 - IDENTIFICADOR DE NÚMERO DE CONTROL
campo de control ES-MaACL
005 - FECHA Y HORA DE LA ÚLTIMA TRANSACCIÓN
campo de control 20250826010004.0
007 - CAMPO FIJO DE DESCRIPCIÓN FÍSICA--INFORMACIÓN GENERAL
campo de control de longitud fija t|
008 - DATOS DE LONGITUD FIJA--INFORMACIÓN GENERAL
campo de control de longitud fija 030114m19721983sp |||| | spa d
110 2# - ENTRADA PRINCIPAL--NOMBRE DE ENTIDAD CORPORATIVA
Nombre de entidad corporativa o nombre de jurisdicción como elemento de entrada Asociación Internacional de los Trabajadores (1864-1876).
Unidad subordinada Federación Regional Española.
9 (RLIN) 1734
245 10 - MENCIÓN DEL TÍTULO
Título Cartas, comunicaciones y circulares... /
Mención de responsabilidad, etc. Asociación Internacional de los Trabajadores ; transcripción, estudio preliminar, notas e índices por Carlos Seco Serrano y [María Teresa Martínez de Sas].
260 ## - PUBLICACIÓN, DISTRIBUCIÓN, ETC.
Lugar de publicación, distribución, etc. Barcelona :
Nombre del editor, distribuidor, etc. Universidad, Facultad de Filosofía y Letras,
Fecha de publicación, distribución, etc. [1972-83]
300 ## - DESCRIPCIÓN FÍSICA
Extensión 4 v. ;
Dimensiones 24 cm.
490 1# - MENCIÓN DE SERIE
Mención de serie Colección de documentos para el estudio de los movimientos obreros en España en la época contemporánea
505 8# - NOTA DE CONTENIDO CON FORMATO
Nota de contenido con formato Contiene: v. I-II: Cartas, comunicaciones y cirulares del III Consejo Federal de la Región Española (septiembre-diciembre 1872) - v. III-IV: Cartas, comunicaciones y cirulares de la Comisión Federal de la Región Española (enero-mayo 1873)
650 04 - PUNTO DE ACCESO ADICIONAL DE MATERIA--TÉRMINO DE MATERIA
Término de materia o nombre geográfico como elemento de entrada Movimiento obrero-
Subdivisión geográfica España-
Subdivisión de forma Historia.
9 (RLIN) 15214
700 1# - ENTRADA AGREGADA--NOMBRE PERSONAL
Nombre de persona Seco Serrano, Carlos,
Fechas asociadas al nombre 1923-2020
9 (RLIN) 105054
700 1# - ENTRADA AGREGADA--NOMBRE PERSONAL
Nombre de persona Martínez de Sas, María Teresa.
9 (RLIN) 78032
830 00 - PUNTO DE ACCESO ADICIONAL DE SERIE-TÍTULO UNIFORME
Título uniforme Colección de documentos para el estudio de los movimientos obreros en España en la época contemporánea
9 (RLIN) 242087
852 ## - LOCALIZACIÓN
Ubicación ES-MaACL
Número de control de estantería L-6354-57
Holdings
Estatus retirado Estado de pérdida Estado de daño No para préstamo Biblioteca de origen Biblioteca actual Ubicación en estantería Fecha de adquisición Fuente de adquisición Total de préstamos Signatura topográfica completa Código de barras Visto por última vez Precio de reemplazo Tipo de ítem Koha
        Biblioteca del Ateneo de Madrid Biblioteca del Ateneo de Madrid Depósito 2 17/01/2008     L-6354-57 1028161 23/02/2023 23/02/2023 Libro impreso